| 000 | 00438nam a2200157 4500 | ||
|---|---|---|---|
| 001 | 136320 | ||
| 003 | ES-MaACL | ||
| 005 | 20230906195104.0 | ||
| 007 | t| | ||
| 008 | 070214s1968 sp r ||||1| spa d | ||
| 100 | 1 |
_aSabugo Pintor, Angel. _9101224 |
|
| 245 | 1 | 0 |
_aDidáctica de la ortografía / _cAngel Sabugo Pintor. |
| 260 |
_aLeón : _bEverest, _c1968. |
||
| 300 |
_a92 p. : _bil. ; _c22 cm. |
||
| 852 |
_aES-MaACL _jC-47296 _bR.67403 |
||
| 999 |
_c136320 _d136320 |
||